Mass Communication Theory (Record no. 3897)

MARC details
000 -LEADER
fixed length control field 00418nam a22001697a 4500
005 - DATE AND TIME OF LATEST TRANSACTION
control field 20160625094127.0
008 - FIXED-LENGTH DATA ELEMENTS--GENERAL INFORMATION
fixed length control field 160625b xxu||||| |||| 00| 0 eng d
020 ## - INTERNATIONAL STANDARD BOOK NUMBER
ISBN 981-240-362-0
041 ## - LANGUAGE CODE
Language code of text/sound track or separate title eng
082 ## - DEWEY DECIMAL CLASSIFICATION NUMBER
Item number 9908
100 ## - MAIN ENTRY--AUTHOR NAME
Personal name Parran, Stanlay J and Davis, Dennis K
245 ## - TITLE STATEMENT
Title Mass Communication Theory
260 ## - PUBLICATION, DISTRIBUTION, ETC. (IMPRINT)
Name of publisher Thomson
Year of publication 2002
300 ## - PHYSICAL DESCRIPTION
Number of Pages 366
650 ## - SUBJECT ADDED ENTRY--TOPICAL TERM
Topical Term Mass Communication
942 ## - ADDED ENTRY ELEMENTS (KOHA)
Koha item type Books
Holdings
Lost status Damaged status Home library Current library Shelving location Date acquired Cost, normal purchase price Full call number Accession Number Koha item type Collection code
    JRU Library   SHELF-31-H 25/06/2016 177.20 9908 9908 Books  
    JRU Library   SHELF-32-G 25/06/2016 177.20 9908 9909 Books  
    JRU Library JRU Library SHELF-102-E 25/06/2016 177.20 9908 9910 Books LIFE SKILL
    JRU Library   SHELF-32-G 25/06/2016 177.20 9908 9911 Books  
    JRU Library   SHELF-31-H 25/06/2016 177.20 9908 9912 Books